| 000 | 00791nab a22002417a 4500 | ||
|---|---|---|---|
| 001 | 07550 | ||
| 003 | HDC | ||
| 007 | cr bn ---aaaaa | ||
| 008 | 210128c20180727my ||||| |||| 00| 0 may d | ||
| 040 | _aHDC | ||
| 100 |
_aRohaniza Idris, _eauthor _98081 |
||
| 245 | 0 |
_aKerajaan terus tambah baik DFTZ perkasa PKS / _cRohaniza Idris [and 4 others]. |
|
| 336 |
_atext _2rdacontent |
||
| 337 |
_acomputer _2rdamedia |
||
| 338 |
_aonline resource _2rdacarrier |
||
| 650 |
_aDuty-free _98082 |
||
| 650 |
_aElectronic commerce _98083 |
||
| 710 | _aBerita Harian | ||
| 856 | _zRequest full-text at [email protected] | ||
| 942 | _2lcc | ||
| 942 | _cNEWS | ||
| 942 | _kNWSC 002000 | ||
| 999 |
_c4873 _d4873 |
||